Homenatge a Jordi Rubió i Lois : inauguració del curs acadèmic 1988-1989 inauguració del curs acadèmic 1988-1989
Descripción Física:
27 p. ; 21'5 cm
Materias:
Rubió i Lois, Jordi
MARC
| LEADER | 00000nam a2200000Ia 4500 | ||
|---|---|---|---|
| 001 | 8280 | ||
| 008 | 160829s1988 xx 000 0 cat d | ||
| 080 | |a FU-9-16 | ||
| 100 | |a Rubió i Lois, Jordi |9 25594 | ||
| 245 | |a Homenatge a Jordi Rubió i Lois : |b inauguració del curs acadèmic 1988-1989 | ||
| 260 | |a Barcelona : |b Diputació de Barcelona. Escola Universitària J. Rubió i Balaguer, |c 1988 | ||
| 300 | |a 27 p. ; |c 21'5 cm | ||
| 650 | |a Rubió i Lois, Jordi |9 25594 | ||
| 710 | 2 | |a Escola Universitària Jordi Rubió i Balaguer de Biblioteconomia i Documentació |9 54300 | |
| 901 | |a Arxiu | ||
| 942 | |n 1 | ||
| 952 | |0 0 |1 0 |4 0 |6 FU916 |7 1 |9 43693 |a Arxiu |b Arxiu |d 2016-12-01 |l 0 |o FU-9-16 |p 8280 |r 2016-12-01 00:00:00 |w 2016-12-01 |y ARXIU | ||
| 999 | |c 46241 |d 46241 | ||